Statistics for World War II Casualties

Click here to take the quiz!

General Stats

  • This quiz has been taken 1,433 times
    (1,369 since last reset)
  • The average score is 32 of 44

Answer Stats

Deaths Country % Correct
7,400,000Nazi Germany
99%
27,000,000Soviet Union
99%
20,000,000Republic of China
98%
450,900United Kingdom of Great Britain and Northern Ireland
98%
3,238,000Empire of Japan
97%
419,400United States of America
97%
600,000French Third Republic
96%
472,407Kingdom of Italy
95%
6,000,000Second Polish Republic
94%
43,600Dominion of Canada
91%
40,400Commonwealth of Australia
90%
88,000Kingdom of Belgium
87%
95,000Republic of Finland
86%
10,200Kingdom of Norway
86%
2,600,000British Raj
85%
507,000Kingdom of Greece
83%
1,700,000Kingdom of Yugoslavia
83%
210,000Kingdom of the Netherlands
82%
500,000Kingdom of Romania
82%
564,000Kingdom of Hungary
81%
6,000Kingdom of Denmark
81%
11,700Realm of New Zealand
79%
21,500Kingdom of Bulgaria
75%
1,100Kingdom of Egypt
73%
4,500State of Spain
73%
2,200,000French Indochina
69%
4,000,000Dutch East Indies
67%
11,900Union of South Africa
67%
2,000Federative Republic of Brazil
65%
355,000First Czechoslovak Republic
63%
7,600Kingdom of Thailand
62%
483,000Dependency of Korea
61%
250,000Republic of Latvia
58%
370,000Republic of Lithuania
58%
83,000Republic of Estonia
58%
100,000British Malaya
58%
30,000Kingdom of Albania
56%
5,000Grand Duchy of Luxembourg
54%
252,600British Burma
50%
1,000,000Commonwealth of the Philippines
50%
100,000Kingdom of Ethiopia
43%
15,000Territory of New Guinea
23%
10,000South Pacific Mandate
14%
70,000Portuguese Timor
10%

Score Distribution

Percentile by Number Answered

Percent of People with Each Score

Your Score History

You have not taken this quiz since the last reset